Statistics for Biggest Cities in Algeria

Click here to take the quiz!

General Stats

  • This quiz has been taken 520 times
  • The average score is 5 of 10

Answer Stats

PopulationCity% Correct
2,364,230Algiers
99%
803,329Oran
86%
448,028Constantine
64%
342,703Annaba
50%
252,127Setif
37%
331,779Blida
32%
289,504Batna
28%
204,661Biskra
24%
265,833Djelfa
21%
210,146Sidi Bel Abbes
19%

Score Distribution

Percentile by Number Answered

Percent of People with Each Score

Your Score History

You have not taken this quiz